Pembroke St Georges Ltd v Cromwell Developments Ltd (Record no. 32318)
[ view plain ]
| 000 -LEADER | |
|---|---|
| fixed length control field | 01815cab a2200277 4500 |
| 001 - CONTROL NUMBER | |
| control field | ABS45288 |
| 008 - FIXED-LENGTH DATA ELEMENTS--GENERAL INFORMATION | |
| fixed length control field | 090401t1991 xxu||||| |||| 00| 0 eng d |
| 035 ## - SYSTEM CONTROL NUMBER | |
| System control number | (Sirsi) u52095 |
| 041 ## - LANGUAGE CODE | |
| Language code of text/sound track or separate title | eng |
| 245 ## - TITLE STATEMENT | |
| Title | Pembroke St Georges Ltd v Cromwell Developments Ltd |
| 260 ## - PUBLICATION, DISTRIBUTION, ETC. | |
| Date of publication, distribution, etc. | 1991 |
| 350 ## - PRICE (NR) (BK AM CF MU VM SE) [OBSOLETE] | |
| Price | 0 |
| 490 ## - SERIES STATEMENT | |
| Series statement | Estates Gazette |
| Volume/sequential designation | (1991) 40 EG 1165-116(2) |
| 520 ## - SUMMARY, ETC. | |
| Summary, etc. | ChD 10 April 1991. The lease in question was made between the landlord X and the defendants, C, the lessees. C had carried out the development and entered into a sale and leaseback arrangement with X. The lease granted a term of 99 years from June 1965, the initial rent being £30,750, later reduced to £30,000. The lease provided for rent reviews at very long intervals, the first taking place after 24 years. The rent should be equal to the preceding period or 3/4 of the yearly rack-rental value at the last quarter day but before the end of the rent review period, whichever is the higher. X should have applied for an arbitration between 25 December 1988, the last quarter day and 24 June 1989 but did not. In November 1989 the plaintiffs, P, bought the reversion of the lease and applied to the RICS for an arbitrator. C argued that since the application was out of time no rent review could take place and the rent should be frozen at £30,000. P however claimed that time was not of the esse |
| 650 ## - SUBJECT ADDED ENTRY--TOPICAL TERM | |
| Topical term or geographic name entry element | MANAGEMENT-DISPUTE AVOIDANCE, MANAGEMENT AND RESOLUTION-DISPUTE MANAGEMENT AND RESOLUTION-ARBITRATION |
| 650 ## - SUBJECT ADDED ENTRY--TOPICAL TERM | |
| Topical term or geographic name entry element | LONG REVIEW PERIOD |
| 650 ## - SUBJECT ADDED ENTRY--TOPICAL TERM | |
| Topical term or geographic name entry element | RACK RENT |
| 650 ## - SUBJECT ADDED ENTRY--TOPICAL TERM | |
| Topical term or geographic name entry element | RENT REVIEWS |
| 650 ## - SUBJECT ADDED ENTRY--TOPICAL TERM | |
| Topical term or geographic name entry element | SALE AND LEASEBACK |
| 650 ## - SUBJECT ADDED ENTRY--TOPICAL TERM | |
| Topical term or geographic name entry element | SHOPPING CENTRES |
| 650 ## - SUBJECT ADDED ENTRY--TOPICAL TERM | |
| Topical term or geographic name entry element | TIME OF THE ESSENCE |
| 690 ## - LOCAL SUBJECT ADDED ENTRY--TOPICAL TERM (OCLC, RLIN) | |
| Topical term or geographic name as entry element | ARBITRATION-CASE LAW |
| 690 ## - LOCAL SUBJECT ADDED ENTRY--TOPICAL TERM (OCLC, RLIN) | |
| Topical term or geographic name as entry element | LANDLORD AND TENANT-CASE LAW-RENT REVIEWS |
| 942 ## - ADDED ENTRY ELEMENTS (KOHA) | |
| Suppress in OPAC | 0 |
| 948 ## - LOCAL PROCESSING INFORMATION (OCLC); SERIES PART DESIGNATOR (RLIN) | |
| c (OCLC) | 04/03/1997 |
| Withdrawn status | Lost status | Source of classification or shelving scheme | Damaged status | Not for loan | Home library | Current library | Shelving location | Date acquired | Total Checkouts | Full call number | Barcode | Date last seen | Copy number | Price effective from | Koha item type |
|---|---|---|---|---|---|---|---|---|---|---|---|---|---|---|---|
| Dewey Decimal Classification | London | London | Journal article | 14/09/1999 | ABS45288 | 52095-1001 | 06/08/2019 | 1 | 06/08/2019 | Law report |